Statistiques concernant Voitures de sport (1)

Cliquez ici pour prendre le quiz!

Statistiques générales

  • Ce quiz a été pris 197 fois
  • Le résultat moyen est 5 sur 16

Statistiques - réponses

Réponse% Correct
Alpine A110
91%
Lamborghini Aventador
57%
Mercedes AMG GT
42%
Renault Megane RS
36%
Porsche 911 turbo S
34%
Ford Fiesta ST
33%
Lexus LFA
33%
BMW M2 compétition
25%
Tesla Roadster
25%
Audi R8 GT
22%
Mclaren Artura
16%
Ford Mustang Shelby GT500
15%
Subaru WRX STI
14%
Alfa Roméo Giulia Quadrifoglio
12%
Ferrari J50
6%
Volkswagen Golf 8 GTE
5%

Distribution des résultats

Percentile par nombre de réponses

% des personnes avec chaque résultat

Votre développement - résultats

Vous n’avez pas pris ce quiz